The factories that pollute rivers. (Record no. 61066)
[ view plain ]
| 000 -LEADER | |
|---|---|
| fixed length control field | 00745cam a2200193 4500 |
| 001 - CONTROL NUMBER | |
| control field | WB3524-24 |
| 008 - FIXED-LENGTH DATA ELEMENTS--GENERAL INFORMATION | |
| fixed length control field | 000000n1999 000 0 eng u |
| 035 ## - SYSTEM CONTROL NUMBER | |
| System control number | (Sirsi) u101972 |
| 245 #4 - TITLE STATEMENT | |
| Title | The factories that pollute rivers. |
| 260 ## - PUBLICATION, DISTRIBUTION, ETC. | |
| Date of publication, distribution, etc. | 1999 |
| 490 ## - SERIES STATEMENT | |
| Series statement | Independent |
| Volume/sequential designation | 22 June 1999, 11(1) |
| 520 ## - SUMMARY, ETC. | |
| Summary, etc. | Lists the ten factories which discharge the most alkylphenols into rivers in Britain. Alkylphenols are toxic and have been shown to change the sex of fish. The worst site is the ICI Chemicals factory in Wilton, Cleveland which discharged 8.1 tonnes into the Tees in 1998. Map. |
| 650 ## - SUBJECT ADDED ENTRY--TOPICAL TERM | |
| Topical term or geographic name entry element | POLLUTION |
| 650 ## - SUBJECT ADDED ENTRY--TOPICAL TERM | |
| Topical term or geographic name entry element | FACTORIES |
| 650 ## - SUBJECT ADDED ENTRY--TOPICAL TERM | |
| Topical term or geographic name entry element | RIVERS |
| 650 ## - SUBJECT ADDED ENTRY--TOPICAL TERM | |
| Topical term or geographic name entry element | WILDLIFE |
| 690 ## - LOCAL SUBJECT ADDED ENTRY--TOPICAL TERM (OCLC, RLIN) | |
| Topical term or geographic name as entry element | ENVIRONMENTAL AND LAND CONSULTANCY |
| 942 ## - ADDED ENTRY ELEMENTS (KOHA) | |
| Suppress in OPAC | 0 |
| Withdrawn status | Lost status | Source of classification or shelving scheme | Damaged status | Not for loan | Home library | Current library | Shelving location | Date acquired | Total Checkouts | Full call number | Barcode | Date last seen | Copy number | Price effective from | Koha item type |
|---|---|---|---|---|---|---|---|---|---|---|---|---|---|---|---|
| Dewey Decimal Classification | London | London | News article | 15/11/1999 | WB3524-24 | 101972-1001 | 06/08/2019 | 1 | 06/08/2019 | News article |